Geography - Mountain Ranges - Statistics

General Stats
  • This quiz has been taken 21 times
    16 since last reset
  • The average score is 7 of 15
Answer Stats
Hint Answer % Correct
Mountain range spanning much of northeastern Africa. Atlas
87%
Forms the north-south border of Europe and Asia. Caucasian
87%
Forms the west-east border of Europe and Asia. Ural
87%
The world's largest salt flat is nestled in this mountain range. Andes
67%
The "spine" of Italy. Apennine
60%
Major mountain range in New York State. Adirondack
53%
Forms the Pannonian Basin's eastern flank. Carpathian
47%
Mainly in Afghanistan. Hindu Kush
47%
Mountain range mainly in Arkansas. Ozark
47%
The West and East _____ run through India's west and east coasts. Ghats
40%
Divides Anatolia and Mashriq. Taurus
33%
Major range spanning western Canada and the U.S. Cascades
27%
Namesake of a Middle Eastern nation. Lebanon
27%
Mountain range just south of Siberia, spanning parts of Mongolia, Russia & Kazakhstan. Altai
13%
A Sasanian rump state resisted the Caliphate for ~100 years thanks to this range. Alborz
7%
No matching quizzes found
Score Distribution
Percent of People with Each Score
Percentile by Number Answered
Your Score History
You have not taken this quiz since the last reset